Word Ladder: Dangerous Insect Quiz Stats

 Plays Quiz Updated May 2, 2019

Score 0/13 Timer 03:00
0 Plays Today
Clue 6-letter word % Correct
Third color of the rainbow◄YELLOW►
97.8%
Paper used for votingBALLOT
95.1%
Talk show host Jimmy ______FALLON
93.8%
Classical dance typeBALLET
93.5%
Item used in tennisRACKET
92.8%
Coat◄JACKET►
91.7%
Person of same rank or classFELLOW
91.5%
Soccer award ______ d'OrBALLON
89%
Not cultivatedFALLOW
88.7%
Made into a sphereBALLED
88.3%
Strained one's brainsRACKED
85%
Made an illegal motion in baseballBALKED
84.2%
SupportedBACKED
82.5%

Today's Daily Dose

Missing Word
Celine Dion

Word Ladder
Dr. Seuss Books

Quick Pick
Cities in India

Get the Picture
'A' Actresses

You're not logged in!

Compare scores with friends on all Sporcle quizzes.
OR
Log In

Sporcle TV

Today on Sporcle TV


Watch our educational content, quiz creation guides, and fun videos on Sporcle TV.

Show Comments

Extras

Top Quizzes Today


Score Distribution

Your Account Isn't Verified!

In order to create a playlist on Sporcle, you need to verify the email address you used during registration. Go to your Sporcle Settings to finish the process.

Report this User

Report this user for behavior that violates our Community Guidelines.

Details: